La educación de los antiguos Mayas.

Gorde:
Xehetasun bibliografikoak
Egile nagusia: López Austin, Alfredo (autor)
Formatua: Liburua
Hizkuntza:gaztelania
Saila:(Biblioteca pedagógica ; no. 1)
Gaiak:
Etiketak: Etiketa erantsi
Etiketarik gabe, Izan zaitez lehena erregistro honi etiketa jartzen!

MARC

LEADER 00000cam^a2200000uu^4500
001 000479917
005 20250521000000.0
008 050901s1985^^^^^^^^^^^^rd^r^^000^0^spa^d
009 20260310124948.484
022 |a 9686011749 
035 |a FCE 000022924 
035 |a FCE 004103 
037 |a Acervo ITESO - Biblioteca 
041 |a spa 
082 0 4 |a 082.1  |b SECa 1 
100 |a López Austin, Alfredo  |e (autor) 
245 1 3 |a La educación de los antiguos Mayas. 
264 |a México :  |b SEP : El Caballito,  |c 1985. 
300 |a 2 v. 
336 |a texto  |b txt  |2 rdacontenido 
337 |a sin mediación  |b n  |2 rdamedio 
338 |a volumen  |b nc  |2 rdasoporte 
440 0 |a (Biblioteca pedagógica ;  |v no. 1) 
649 |a XX 
650 |a Antología 
650 |a Mayas 
650 |a Capacitación 
910 |a Fondo Centro de Estudios Educativos 
920 |a Impresos - Libros 
930 |a Fondos Especiales 
905 |a 133 
901 |a ALE004103  |b IT2  |c CEE  |u 20250521 
902 |a https://opac.biblio.iteso.mx/vufind/Record/000479917